| 000 | 01755nam a22003375a 4500 | ||
|---|---|---|---|
| 003 | OSt | ||
| 005 | 20160824144532.0 | ||
| 008 | 160824s2010 xx frb 000 0 ara d | ||
| 015 | _22010/2337 | ||
| 020 | _a9771782325 | ||
| 040 |
_aEG-ScBUE _bara _cEG-ScBUE |
||
| 043 |
_af-ua--- _ae-fr--- |
||
| 082 | 0 | 4 |
_a346.02 _bع ب د _222 |
| 100 | 1 |
_aعبد الرحمن، أحمد شوقي محمد. _940827 |
|
| 245 | 1 | 0 |
_aجزاء الإخلال بالعقد في القانون المدني في الفقه والقضاء المصري والفرنسي : _bجزاء الإخلال بأركان العقد : البطلان - الإبطال الإخلال بآثار العقد : التنفيذ العيني - والصفة في المطالبة به الدفع بعدم التنفيذ - الحق في الحبس - الفسخ - التعويض عن ضرر الإخلال بالعقد / _cأحمد شوقي محمد عبد الرحمن. |
| 260 |
_a[د. م.] : _b[د. ن.]، _c2010. |
||
| 300 |
_a[502 ص.] ؛ _c24 سم. |
||
| 504 | _aيشتمل على إرجاعات ببليوجرافية. | ||
| 650 | 7 |
_aالعقود _xإخلال _zمصر. _2BUEsh _940862 |
|
| 650 | 7 |
_aالعقود _xبطلان _zمصر. _2BUEsh _940866 |
|
| 650 | 7 |
_aالعقود _xإخلال _zفرنسا. _2BUEsh _940864 |
|
| 650 | 7 |
_aالعقود _xبطلان _zفرنسا. _2BUEsh _940867 |
|
| 650 | 7 |
_aالعقود (فقه إسلامي) _2BUEsh _940834 |
|
| 650 | 7 |
_aالعقود _xفسخ _zمصر. _2BUEsh _940863 |
|
| 650 | 7 |
_aالعقود _xفسخ _zفرنسا. _2BUEsh _940865 |
|
| 650 | 7 |
_aالعقود (قانون مدنى) _zمصر _2BUEsh _940832 |
|
| 650 | 7 |
_aالعقود (قانون مدنى) _zفرنسا _2BUEsh _940833 |
|
| 651 | _2BUEsh | ||
| 653 |
_cAugust 2016 _bLLAAWW |
||
| 942 | _2ddc | ||
| 999 |
_c22227 _d22199 |
||